000 00693nam0a22002291 4500
001 rc\2742233
005 20250529141704.0
035 _a(NLR Aleph) 006869362
090 _a6930795
_c6930795
100 _a20110915d1939 |||y0rusy50 ca
101 0 _arus
102 _aRU
105 _aac z |||||
200 1 _aЖизнь крестьян прежде и теперь
_e[Сел. хоз-во Перм. обл.]
_fАл. Жуков
210 _aПермь
_cПерм. обл. изд-во
_d1939
215 _a26 с.
_cил., портр.
_d18 см.
700 1 _aЖуков
_bАл.
801 0 _aRU
_bNLR
_gpsbo
801 1 _aRU
_bELAR
_2rusmarc
852 _aNLR
_j39-10/6247
942 _cBOOK
980 _aNB